Clases sociales y estratificación: Dilemas teóricos y alcances de la investigación empírica (con énfasis en América Latina) /
Guardado en:
| Hovedforfatter: | |
|---|---|
| Institution som forfatter: | |
| Format: | Ukendt |
| Udgivet: |
San José:
Editorial de la Universidad de Costa Rica,
|
| Fag: | |
| Tags: |
Tilføj Tag
Ingen Tags, Vær først til at tagge denne postø!
|
MARC
| LEADER | 00000 a2200000 04500 | ||
|---|---|---|---|
| 001 | 35334 | ||
| 003 | cru CIDCACS/IIS | ||
| 005 | 20200925160407.0 | ||
| 008 | 991231s d | ||
| 999 | |c 7107 |d 7107 | ||
| 020 | |a 9968-936-52-9 | ||
| 040 | |c CRAI/IIS |a CRAI/IIS | ||
| 090 | |a 05.03.05 C367t | ||
| 100 | |a Castro Valverde, Carlos | ||
| 110 | |a Universidad de Costa Rica. Facultad de Ciencias Sociales. Instituto de Investigaciones Sociales | ||
| 245 | |a Clases sociales y estratificación: |b Dilemas teóricos y alcances de la investigación empírica (con énfasis en América Latina) / |c Carlos Castro Valverde | ||
| 260 | |a San José: |b Editorial de la Universidad de Costa Rica, | ||
| 300 | |a Páginas 23-76 | ||
| 650 | |a ESTRATIFICACION SOCIAL | ||
| 650 | |a MOVILIDAD DE LA MANO DE OBRA | ||
| 650 | |a ESTADO | ||
| 650 | |a SOCIEDAD | ||
| 650 | |a EMPLEADOS | ||
| 650 | |a TRABAJO | ||
| 650 | |a GLOBALIZACION | ||
| 650 | |a POLITICA ECONOMICA | ||
| 650 | |a POBLACION | ||
| 650 | |a COSTA RICA | ||
| 650 | |a DEMOGRAFIA | ||
| 650 | |a POBLACIONPOBLACION OCUPADA | ||
| 650 | |a EDUCACION | ||
| 942 | |2 ddc |c LI | ||
| 773 | 0 | |0 2969 |9 18 |a Castro Valverde, Carlos |d San José: Editorial de la Universidad de Costa Rica, |o 03299 |t Transformaciones en la estructura social en Costa Rica. Estratos socioocupacionales, educación y trabajo / |w (cru CIDCACS/IIS)35337 |z 9968936529 | |



